Rovnovážne charakteristiky adsorbentov pre chromatografickú separáciu apiozidázy diplomová práca
Gespeichert in:
| 1. Verfasser: | |
|---|---|
| Format: | Buch |
| Sprache: | Slowakisch |
| Veröffentlicht: |
Bratislava
STU FCHPT
2018
|
| Online-Zugang: | Im OPAC anzeigen |
| Tags: |
Keine Tags, Fügen Sie das erste Tag hinzu!
|
MARC
| LEADER | 00000nam a2200000 a 4500 | ||
|---|---|---|---|
| 005 | 20260127134123.0 | ||
| 008 | 180706 2018 xo a 000 0 slo d | ||
| 035 | |a vtls011765545 | ||
| 039 | 9 | |y 201807061211 |z mschk03 | |
| 040 | |a STUSCHK1 |b slo |c STUSCHK1 |e AACR2 | ||
| 100 | 1 | |a Slaninová, Barbora | |
| 245 | 1 | |a Rovnovážne charakteristiky adsorbentov pre chromatografickú separáciu apiozidázy |b diplomová práca |c Barbora Slaninová | |
| 260 | |a Bratislava |b STU FCHPT |c 2018 | ||
| 300 | |a 53 s. |b il. |c 25 cm | ||
| 500 | |a Študijný program: chemické inžiniersvo | ||
| 500 | |a Študijný odbor: chemické inžinierstvo | ||
| 500 | |a Školiace pracovisko: Oddelenie chemického a biochemického inžinierstva | ||
| 500 | |a Evid. číslo: FCHPT-5433-64043 | ||
| 910 | |a SCHK95 | ||
| 999 | |c 4548 |d 4548 | ||